A TEXT BOOK OF PHARMACEUTICAL BIOLOGY (Record no. 11632)

MARC details
000 -LEADER
fixed length control field 00333nam a22001457a 4500
003 - CONTROL NUMBER IDENTIFIER
control field SGT
020 ## - INTERNATIONAL STANDARD BOOK NUMBER
International Standard Book Number 812560075-2
082 ## - DEWEY DECIMAL CLASSIFICATION NUMBER
Classification number 574
Item number P17S
100 ## - MAIN ENTRY--PERSONAL NAME
Personal name SARDANA.S & SHARMA, O.P
245 ## - TITLE STATEMENT
Title A TEXT BOOK OF PHARMACEUTICAL BIOLOGY
260 ## - PUBLICATION, DISTRIBUTION, ETC. (IMPRINT)
Place of publication, distribution, etc DELHI1
Name of publisher, distributor, etc BIRLA PUB
Year of Publication 2017
300 ## - PAGE DESCRIPTION
No. of Pages 260
650 ## - SUBJECT ADDED ENTRY--TOPICAL TERM
Topical term or geographic name as entry element PHARMACY
942 ## - ADDED ENTRY ELEMENTS (KOHA)
Source of classification or shelving scheme Dewey Decimal Classification
Koha item type Books
942 ## - ADDED ENTRY ELEMENTS (KOHA)
-- 10
Holdings
Withdrawn status Lost status Source of classification or shelving scheme Damaged status Not for loan Collection code Home library Current library Shelving location Date acquired Vendor Name Cost, normal purchase price SGTU Bill Number Total Checkouts Full call number Accession No. (Barcode) Date last seen Date last borrowed Bill Date Koha item type
    Dewey Decimal Classification     PHARMACY SGT FA-FP Library SGT FA-FP Library Text Book 30/05/2017 AHUJA PUB 320.00 SGTU 8043 2 574 P17S FP2329 21/04/2022 26/03/2022 11/04/2017 Books
    Dewey Decimal Classification     PHARMACY SGT FA-FP Library SGT FA-FP Library Text Book 30/05/2017 AHUJA PUB 320.00 SGTU 8043 2 574 P17S FP2330 27/11/2024 20/11/2024 11/04/2017 Books
    Dewey Decimal Classification     PHARMACY SGT FA-FP Library SGT FA-FP Library Text Book 30/05/2017 AHUJA PUB 320.00 SGTU 8043 1 574 P17S FP2331 13/02/2023 27/01/2023 11/04/2017 Books
    Dewey Decimal Classification     PHARMACY SGT FA-FP Library SGT FA-FP Library Text Book 30/05/2017 AHUJA PUB 320.00 SGTU 8043   574 P17S FP2332 30/05/2017   11/04/2017 Books
    Dewey Decimal Classification     PHARMACY SGT FA-FP Library SGT FA-FP Library Text Book 30/05/2017 AHUJA PUB 320.00 SGTU 8043 3 574 P17S FP2333 01/04/2022 24/02/2022 11/04/2017 Books
    Dewey Decimal Classification     PHARMACY SGT FA-FP Library SGT FA-FP Library Text Book 30/05/2017 AHUJA PUB 320.00 SGTU 8043 3 574 P17S FP2334 10/10/2024 27/09/2024 11/04/2017 Books
    Dewey Decimal Classification     PHARMACY SGT FA-FP Library SGT FA-FP Library Text Book 30/05/2017 AHUJA PUB 320.00 SGTU 8043   574 P17S FP2335 30/05/2017   11/04/2017 Books
    Dewey Decimal Classification     PHARMACY SGT FA-FP Library SGT FA-FP Library Text Book 30/05/2017 AHUJA PUB 320.00 SGTU 8043   574 P17S FP2336 30/05/2017   11/04/2017 Books
    Dewey Decimal Classification     PHARMACY SGT FA-FP Library SGT FA-FP Library Text Book 30/05/2017 AHUJA PUB 320.00 SGTU 8043 3 574 P17S FP2337 27/01/2023 17/01/2023 11/04/2017 Books
    Dewey Decimal Classification     PHARMACY SGT FA-FP Library SGT FA-FP Library Text Book 30/05/2017 AHUJA PUB 320.00 SGTU 8043   574 P17S FP2338 28/12/2017   11/04/2017 Books